00644nam a22002177a 450000500170000001000310001702000260004802000260007403500170010003500140011703700170013103700130014808200110016110000240017224500790019625000110027526000430028627000490032930000280037850000200040620170608163435.0 a1617EN ENG-118586  a9789339213114c795.00 a9789339213114c799.00 aB-651739-750 aEN-102118 bPragatiadpl bDBAD/PUB a005.74 aRamakrishnan, Raghu aDatabase management systems /cby Raghu Ramakrishnan [and] Johannes Gehrke a3rd ed aNew DelhibMcGraw Hill Educationc2016 aP-24,Green Park ExtentionbNew Delhie110016 axxxii,1065p.c24cm(pbk) aIncludes index